000 00485nam a22001457a 4500
005 20250721112601.0
008 250721b |||||||| |||| 00| 0 eng d
050 _aRES HF 5549 .G88 2017
_bC. 1
100 _aGUTWA, LYDIAH NYATICHI
245 _aAS ASSESSMENT OF THE EFFECT OF EMPLOYEE TRAINING ON ORGANIZATION PERFORMANCE
_bA CASE STUDY OF JUDICIARY KISII LAW COURTS
260 _aKISII
_bKSU
_c2017
300 _aXII, 31P., ILL;
500 _aINCLUDES REFERENCES
942 _2lcc
_cREF
999 _c215947
_d215947